000 00907nam a2200253Ia 4500
003 OSt
005 20220930092121.0
006 a|||||r|||| 00| 0
007 ta
008 220926b |||||||| |||| 00| 0 eng d
024 _a12287
037 _cTheses
040 _aCRL
_cCRL
_beng
041 _2eng
_aeng
100 _aRaheja Anshuman
_9547810
110 _aUniversity of Delhi. UCMS & GTB Hospital. Department of Anaesthesiology
_9547811
245 0 _aComparison of efficacy of isobaric bupivacaine and isobaric ropivacaine in patirnts undergoing lower segment caesarean section under subarchnoid block
260 _c2013
650 _aANESTHETICS
_9519569
700 _a Rautela Rajesh Singh Gu.
_9547812
700 _aUniversity of Delhi. UCMS & GTB Hospital. Department of Anaesthesiology
_9547813
942 _cDIS
_2CC
999 _c883242
_d883242